000 01195nam0a22003011 4500
001 v19\rc\1513967
005 20260406110027.0
035 _a(NLR Aleph) 005233493
090 _a5630062
_c5630062
100 _a20060620e18851885|||y0rusy50 ca
101 0 _arus
102 _aRU
105 _ay z |||||
200 1 _aО патогенезе симпатического воспаления глаза
_f[Л. Беллярминов]
210 _a[Санкт-Петербург]
_cтип. П.И. Шмидта
_dценз. 1885
215 _a7 с.
_d19
300 _aАвт. указан в конце текста
309 _aБез тит. л. и обл.
311 _aОтт. из "Рус. медицины" № 42, 1885 г.
488 0 _12001#$aРусская медицина$v1885, № 42
_tРусская медицина
700 1 _7ca
_8rus
_aБеллярминов
_bЛ. Г.
_f1859-1930
_gЛеонид Георгиевич
_987925
_3RU\NLR\AUTH\77105000
801 0 _aRU
_bNLR
_c20060620
_gpsbo
801 0 _aRU
_bRuMoRGB
_c20060620
_2psbo
801 1 _aRU
_bProSoft-M
_c20060620
_2rusmarc
801 2 _aRU
_bNLR
_c20121225
_2rusmarc
852 _aNLR
_j18.212.5.324
942 _cBOOK
980 _aNB